|
|
|
|
| LEADER |
00000nab a2200000 a 4500 |
| 001 |
vtls000708389 |
| 003 |
SK-MaSNL |
| 005 |
20260303184039.0 |
| 008 |
180206c1999 xo 0 slo |
| 015 |
|
|
|a SNBRB2000/01-00563
|
| 035 |
|
|
|a CLN000060556
|
| 040 |
|
|
|a SNKBUCL
|b slo
|c SNKBUCL
|e AACR2
|
| 041 |
0 |
|
|a slo
|
| 044 |
|
|
|a xo
|c SK
|
| 080 |
|
|
|a 329.14(437.6)SDĽ:328.1(437.6)
|2 UDC-MRF-SK2
|
| 100 |
1 |
|
|a Deván, Dušan
|4 aut
|9 879609
|
| 245 |
1 |
0 |
|a Nájde SDĽ žetóny a presadí sa aj vo vláde?
|c Dušan Deváň
|
| 610 |
2 |
7 |
|a Strana demokratickej ľavice
|2 snkbucl
|9 165260
|
| 655 |
|
7 |
|a články z novín a časopisov
|2 snkbucl
|9 267496
|
| 773 |
0 |
|
|t Sme
|g Roč. 7, č. 202 (2.9.1999), s. 4
|
| 850 |
|
|
|a Slovenská národná knižnica v Martine
|
| 852 |
|
|
|a SNK
|b KIS3GCP
|
| 958 |
|
|
|a RBX
|
| 999 |
|
|
|c 2124633
|d 2126563
|